Základy politologie

Bibliographic Details
Main Authors: Křížkovský, Ladislav (Author), Adamová, Karolina, 1948- (Author)
Format: Book
Language:Czech
PhysicalDescription:196 s. 20 cm
Published: Praha Svoboda 1993
ISBN:8020502904
Edition:1. vyd.

MARC

LEADER 00000nam a2200000 a 4500
001 vtls001145350
003 SK-MaSNL
005 20260301002126.0
008 250414s1993 xr 0 cze
020 |a 8020502904 
035 |a SNK000088205 
040 |a SNK  |b slo  |c SNK  |e AACR2 
041 0 |a cze 
044 |a CZ 
080 |a 001:32  |2 1981 
080 |a 32  |2 1981 
100 1 |a Křížkovský, Ladislav  |4 aut  |9 9966 
245 1 0 |a Základy politologie  |c Ladislav Křížkovský, Karolina Adamová 
250 |a 1. vyd. 
260 |a Praha  |b Svoboda  |c 1993 
300 |a 196 s.  |c 20 cm 
700 1 |a Adamová, Karolina,  |d 1948-  |4 aut  |9 87667 
852 |a Slovenská národná knižnica 
919 |a 80-205-0290-4 
954 |a politológia 
958 |a RK 
999 |c 536616  |d 538546 
952 |a SNK  |b SNK  |y VYP  |7 0  |p 17A0094192  |o snkID 94690  |i snkKIP 2364/93  |0 0  |1 0  |4 0  |d 1997-11-26  |l 0  |r 2005-01-01 00:00:00  |w 2026-02-23